Sports Quiz

Random Sports or City Quiz
Score 0/20 Timer 06:00
0 Plays Today
Driver State % Correct
Jeff GordonCalifornia
95.3%
Jimmie JohnsonCalifornia
91.9%
Kyle BuschNevada
91.9%
Kevin HarvickCalifornia
87.2%
Matt KensethWisconsin
83.7%
Kurt BuschNevada
83.7%
Tony StewartIndiana
82.6%
Dale Earnhardt Jr.North Carolina
79.1%
Mark MartinArkansas
77.9%
Ryan NewmanIndiana
75.6%
Driver State % Correct
Clint BowyerKansas
74.4%
Kasey KahneWashington
72.1%
Michael WaltripKentucky
72.1%
Brad KeselowskiMichigan
66.3%
Martin Truex Jr.New Jersey
65.1%
Greg BiffleWashington
65.1%
Carl EdwardsMissouri
62.8%
Danica PatrickIllinois
58.1%
Ricky Stenhouse Jr.Mississippi
50%
Denny HamlinFlorida
25.6%

You're not logged in!

Compare scores with friends on all Sporcle quizzes.
OR
Log In

Sporcle TV

Today on Sporcle TV


Watch our educational content, quiz creation guides, and fun videos on Sporcle TV.

Show Comments

Extras

Top Quizzes Today


Score Distribution

Paid Content

Your Account Isn't Verified!

In order to create a playlist on Sporcle, you need to verify the email address you used during registration. Go to your Sporcle Settings to finish the process.

Report this User

Report this user for behavior that violates our Community Guidelines.

Details: